00480nam a2200157 i 4500001000300000100001900003245006600022260001900088650002400107700001700131040000800148041000800156080001900164008004100183856009800224bg1 aANGELL, Ian O. 0aPraktičeskoe vvedenie w mašinnuju grafiku /cI. Endżel. aMoskwa,c1984. aGrafika komputerowa aEndżel, I. cBPK apol a681.322.06:744 s pl f |000 0 pol  uhttp://koha.tu.koszalin.pl/cgi-bin/koha/opac-detail.pl?biblionumber=28022yKatalog online BPK